[Event "23rd European Teams"]
[Site "Terme Catez SLO"]
[Date "2021.11.18"]
[Round "6.15"]
[Board "4"]
[White "Sebenik, Matej"]
[Black "Shengelia, David"]
[Result "1/2-1/2"]
[WhiteTitle "GM"]
[BlackTitle "GM"]
[WhiteElo "2509"]
[BlackElo "2513"]
[WhiteTeam "Slovenia 1"]
[BlackTeam "Austria"]
[WhiteFideId "14602296"]
[BlackFideId "13601270"]
[EventDate "2021.11.12"]

1. d4 Nf6 2. Nf3 b6 3. Bf4 Bb7 4. c4 e6 5. a3 Be7 6. Nc3 d5 7. cxd5 Nxd5 8. Nxd5
Qxd5 9. e3 O-O 10. Rc1 Bd6 11. Bxd6 Qxd6 12. Qc2 Rc8 13. Bd3 g6 14. Be4 Bxe4 15.
Qxe4 Qd5 16. Qxd5 exd5 17. Ke2 a5 18. Ne5 a4 19. Nc6 Nxc6 20. Rxc6 Ra5 21. Rhc1
Rb5 22. R1c2 Kf8 23. Kd2 Ke8 24. Kc1 Kd7 25. g4 Rb3 26. g5 Rb5 27. h4 Rb3 28.
Kb1 Kd8 29. Kc1 Kd7 30. h5 Rb5 31. h6 Rb3 32. Rf6 Ke7 33. Rfc6 Kd7 34. Rf6 Ke7
35. Rcc6 Kd7 36. Kc2 Rb5 37. Rc3 Ke7 38. Rfc6 Kd7 39. f4 Kd8 40. Rf6 Ke7 41. e4
dxe4 42. Re3 Re8 43. Rxe4+ Kf8 44. Re5 Rexe5 45. dxe5 Rc5+ 46. Kb1 Kg8 47. b3
axb3 48. Kb2 Rc4 49. Kxb3 b5 50. Ra6 Kf8 51. Rf6 Re4 52. e6 Ke7 53. Rxf7+ Kxe6
54. Rxh7 c5 55. Rg7 Kf5 56. Rf7+ Kg4 57. Rf6 Re3+ 58. Kb2 Re2+ 59. Kc1 Rh2 60.
Rxg6 Kxf4 61. Rg7 Rh1+ 62. Kd2 Rh2+ 63. Ke1 Ke3 64. Kf1 Kf3 65. Rf7+ Kg4 66. Kg1
Rh5 67. Rg7 b4 68. axb4 cxb4 69. h7 b3 70. g6 Kg5 71. Rb7 Kxg6 72. Rxb3 Rxh7 1/2-1/2

[Event "23rd European Teams"]
[Site "Terme Catez SLO"]
[Date "2021.11.18"]
[Round "6.16"]
[Board "1"]
[White "Grandelius, Nils"]
[Black "Gretarsson, Hjorvar Steinn"]
[Result "1/2-1/2"]
[WhiteTitle "GM"]
[BlackTitle "GM"]
[WhiteElo "2669"]
[BlackElo "2574"]
[WhiteTeam "Sweden"]
[BlackTeam "Iceland"]
[WhiteFideId "1710400"]
[BlackFideId "2302241"]
[EventDate "2021.11.12"]

1. e4 c5 2. Nf3 d6 3. Bb5+ Nd7 4. O-O a6 5. Bxd7+ Bxd7 6. c4 Nf6 7. Nc3 g6 8. d4
cxd4 9. Nxd4 Rc8 10. b3 b5 11. Nd5 Bg7 12. Nxf6+ Bxf6 13. cxb5 axb5 14. Qd2 Qb6
15. Bb2 b4 16. Ne2 Bxb2 17. Qxb2 O-O 18. Nf4 Bc6 19. e5 Be4 20. Rac1 d5 21. Qd2
d4 22. Rfe1 Bb7 23. Rcd1 Rfd8 24. e6 f6 25. Nxg6 hxg6 26. Qh6 Qd6 27. Qxg6+ Kh8
28. Qh6+ Kg8 29. Qg6+ Kh8 30. Qh6+ Kg8 31. Qg6+ Kh8 1/2-1/2

[Event "23rd European Teams"]
[Site "Terme Catez SLO"]
[Date "2021.11.18"]
[Round "6.16"]
[Board "2"]
[White "Stefansson, Hannes"]
[Black "Blomqvist, Erik"]
[Result "1-0"]
[WhiteTitle "GM"]
[BlackTitle "GM"]
[WhiteElo "2519"]
[BlackElo "2542"]
[WhiteTeam "Iceland"]
[BlackTeam "Sweden"]
[WhiteFideId "2300087"]
[BlackFideId "1709437"]
[EventDate "2021.11.12"]

1. d4 d5 2. c4 c6 3. Nc3 dxc4 4. e3 b5 5. a4 b4 6. Ne4 Qd5 7. Nd2 c3 8. bxc3
bxc3 9. Nb1 Qa5 10. Qc2 Na6 11. Ba3 Rb8 12. Nxc3 Nf6 13. Bxa6 Bxa6 14. Ne2 Nd5
15. Qd2 Nxc3 16. Qxc3 Qxc3+ 17. Nxc3 e6 18. Bxf8 Rxf8 19. Ne4 Ke7 20. Nc5 Bc4
21. Kd2 e5 22. Kc3 Bd5 23. dxe5 Bxg2 24. Rhg1 Bh3 25. Rxg7 Rfd8 26. e4 h5 27. f4
a5 28. f5 Rb4 29. f6+ Kf8 30. Rag1 Bg4 31. R1xg4 hxg4 32. e6 1-0

[Event "23rd European Teams"]
[Site "Terme Catez SLO"]
[Date "2021.11.18"]
[Round "6.17"]
[Board "2"]
[White "Uruci, Endrit"]
[Black "Draskovic, Luka"]
[Result "1/2-1/2"]
[WhiteTitle "FM"]
[BlackTitle "IM"]
[WhiteElo "2322"]
[BlackElo "2469"]
[WhiteTeam "Kosovo"]
[BlackTeam "Montenegro"]
[WhiteFideId "22100199"]
[BlackFideId "944335"]
[EventDate "2021.11.12"]

1. e4 c5 2. Nf3 d6 3. Bb5+ Nd7 4. c4 a6 5. Ba4 Nf6 6. Nc3 g6 7. d4 cxd4 8. Nxd4
Bg7 9. Be3 O-O 10. f3 Nc5 11. Bc2 Bd7 12. O-O Rc8 13. Qd2 Ne6 14. Bb3 Nxd4 15.
Bxd4 Be6 16. Rac1 Bxc4 17. Bxc4 Rxc4 18. Bxf6 Bxf6 19. Nd5 Rxc1 20. Rxc1 e6 21.
Nxf6+ Qxf6 22. Rc7 Rd8 23. Rxb7 d5 24. exd5 Rxd5 25. Rb8+ Kg7 26. Qb4 Qd4+ 27.
Qxd4+ Rxd4 28. Ra8 Rd2 29. Rxa6 Rxb2 30. a4 Ra2 31. h4 h6 32. Kh2 Kf6 33. a5 g5
34. h5 Ra4 35. Ra8 g4 36. fxg4 Rxg4 37. Kh3 Ra4 38. a6 Ra5 39. Kh4 Ra4+ 40. g4
Ra3 41. Ra7 Kg7 42. Ra8 Kf6 43. Ra7 Kg7 1/2-1/2

[Event "23rd European Teams"]
[Site "Terme Catez SLO"]
[Date "2021.11.18"]
[Round "6.18"]
[Board "2"]
[White "Jessel, Stephen"]
[Black "Nikolovski, Nikola"]
[Result "1/2-1/2"]
[WhiteTitle "FM"]
[BlackTitle "IM"]
[WhiteElo "2297"]
[BlackElo "2401"]
[WhiteTeam "Ireland"]
[BlackTeam "North Macedonia"]
[WhiteFideId "628859"]
[BlackFideId "15002314"]
[EventDate "2021.11.12"]

1. Nf3 d5 2. c4 d4 3. b4 g5 4. Qa4+ c6 5. Qb3 Bg7 6. Nxg5 e5 7. Qg3 Ne7 8. Ne6
Bxe6 9. Qxg7 Ng6 10. d3 Nd7 11. h4 h5 12. Bg5 Qb6 13. Nd2 Qxb4 14. Rb1 Qf8 15.
Qxf8+ Kxf8 16. Ne4 Kg7 17. g3 b5 18. cxb5 Rab8 19. Bg2 cxb5 20. a3 f5 21. Nd2
Rhc8 22. O-O Rc3 23. Ra1 Nc5 24. Bf3 Rh8 25. Rfe1 a5 26. Reb1 Bd7 27. Bd5 Re8
28. Nb3 Nxb3 29. Bxb3 f4 30. Bd5 Rc2 31. Bf3 Rh8 32. Kf1 Rc5 33. Ke1 Bf5 34. Rc1
Rc3 35. Kd2 Bg4 36. Bxg4 hxg4 37. Rxc3 dxc3+ 38. Kxc3 Rc8+ 39. Kd2 fxg3 40. fxg3
Nf8 41. Rb1 Rb8 42. Be7 Nd7 43. Bd6 Rb7 44. Rc1 Rb6 45. Bc5 Rb7 46. Be3 Kf7 47.
Rc6 Nf6 48. Bg5 Ne8 49. Bd8 a4 50. Rb6 Rxb6 51. Bxb6 Nf6 52. e4 Ke6 53. Kc3 Kd6
54. Kb4 Kc6 55. Bf2 Nh5 56. Be1 Kb6 57. Bf2+ Kc6 58. Kc3 Nf6 59. Be1 Nh5 60. Kb4
Kb6 61. Bf2+ Kc6 62. Kc3 Nf6 63. Kb2 Nh5 64. Kc2 Nf6 65. Kc3 Kd6 66. Kb4 Kc6 67.
Be1 Nh5 68. Kc3 Nf6 69. Bf2 Kd6 70. Ba7 Nh5 71. Bf2 Nf6 72. Kb4 Kc6 73. Be1 Kd6 1/2-1/2

[Event "23rd European Teams"]
[Site "Terme Catez SLO"]
[Date "2021.11.19"]
[Round "7.1"]
[Board "1"]
[White "Volokitin, Andrei"]
[Black "Grischuk, Alexander"]
[Result "1/2-1/2"]
[WhiteTitle "GM"]
[BlackTitle "GM"]
[WhiteElo "2656"]
[BlackElo "2773"]
[WhiteTeam "Ukraine"]
[BlackTeam "Russia"]
[WhiteFideId "14107090"]
[BlackFideId "4126025"]
[EventDate "2021.11.12"]

1. e4 e6 2. d4 d5 3. Nc3 Nf6 4. e5 Nfd7 5. f4 c5 6. Nf3 Nc6 7. Be3 cxd4 8. Nxd4
Qb6 9. Qd2 Qxb2 10. Rb1 Qa3 11. Bb5 Nxd4 12. Bxd4 a6 13. Bxd7+ Bxd7 14. Rb3 Qe7
15. Rxb7 Qh4+ 16. Bf2 Qd8 17. Bb6 Qc8 18. Rc7 Qd8 19. Qd4 Ba3 20. Nb1 Be7 21. c4
O-O 22. cxd5 exd5 23. Nc3 Rc8 24. Rxc8 Qxc8 25. O-O Qc6 26. Nxd5 Ba3 27. Rf3
Qc1+ 28. Rf1 Qc6 29. Rf3 Qc1+ 30. Rf1 Qc6 1/2-1/2

[Event "23rd European Teams"]
[Site "Terme Catez SLO"]
[Date "2021.11.19"]
[Round "7.1"]
[Board "2"]
[White "Dubov, Daniil"]
[Black "Kuzubov, Yuriy"]
[Result "1/2-1/2"]
[WhiteTitle "GM"]
[BlackTitle "GM"]
[WhiteElo "2714"]
[BlackElo "2637"]
[WhiteTeam "Russia"]
[BlackTeam "Ukraine"]
[WhiteFideId "24126055"]
[BlackFideId "14112906"]
[EventDate "2021.11.12"]

1. d4 Nf6 2. c4 e6 3. Nf3 d5 4. Nc3 Nbd7 5. Qc2 c5 6. cxd5 Nxd5 7. g3 cxd4 8.
Nxd5 Qa5+ 9. Qd2 Qxd5 10. Qxd4 Qxd4 11. Nxd4 Bb4+ 12. Bd2 Bxd2+ 13. Kxd2 Ke7 14.
Bg2 Rd8 15. Rhd1 Nf6 16. Ke1 Bd7 17. Nb3 Rab8 18. Rac1 Ne8 19. f4 b6 20. Nd4
Rbc8 21. Bc6 Nd6 22. e4 f6 23. Bxd7 Rxc1 24. Rxc1 Rxd7 25. e5 Nf7 26. Nc6+ Ke8
27. exf6 gxf6 28. Ke2 Rc7 29. Rc2 e5 30. fxe5 Nxe5 31. Nd4 Rxc2+ 32. Nxc2 Kd7
33. Nd4 a6 34. Nf3 Ke6 35. Nxe5 Kxe5 36. Ke3 b5 37. b4 Kd5 38. Kd3 Ke5 39. Ke3
Kd5 1/2-1/2

[Event "23rd European Teams"]
[Site "Terme Catez SLO"]
[Date "2021.11.19"]
[Round "7.2"]
[Board "1"]
[White "Giri, Anish"]
[Black "Mamedyarov, Shakhriyar"]
[Result "1/2-1/2"]
[WhiteTitle "GM"]
[BlackTitle "GM"]
[WhiteElo "2774"]
[BlackElo "2765"]
[WhiteTeam "Netherlands"]
[BlackTeam "Azerbaijan"]
[WhiteFideId "24116068"]
[BlackFideId "13401319"]
[EventDate "2021.11.12"]

1. e4 e5 2. Nf3 Nc6 3. Bc4 Bc5 4. O-O Nf6 5. d3 O-O 6. Bg5 h6 7. Bh4 Be7 8. Bg3
d6 9. a4 g6 10. h3 Kg7 11. a5 a6 12. Nc3 Be6 13. Bxe6 fxe6 14. d4 Nh5 15. Bh2
exd4 16. Nxd4 Qd7 17. f4 Nxd4 18. Qxd4+ Kh7 19. Qd3 Rf7 20. Rf3 Raf8 21. Raf1
Ng7 22. g4 c6 23. Ne2 d5 24. c4 dxe4 25. Qxe4 Qd2 26. Kh1 Qxa5 27. Nc1 Bf6 28.
Nd3 Rd7 29. Bg1 Rfd8 30. Ne5 Bxe5 31. fxe5 Rd1 32. Rf6 Rxf1 33. Qxg6+ Kg8 34.
Qf7+ Kh7 35. Qg6+ Kg8 36. Qf7+ Kh7 37. Qg6+ 1/2-1/2

[Event "23rd European Teams"]
[Site "Terme Catez SLO"]
[Date "2021.11.19"]
[Round "7.2"]
[Board "2"]
[White "Radjabov, Teimour"]
[Black "Van Foreest, Jorden"]
[Result "1/2-1/2"]
[WhiteTitle "GM"]
[BlackTitle "GM"]
[WhiteElo "2763"]
[BlackElo "2701"]
[WhiteTeam "Azerbaijan"]
[BlackTeam "Netherlands"]
[WhiteFideId "13400924"]
[BlackFideId "1039784"]
[EventDate "2021.11.12"]

1. Nf3 d5 2. d4 Nf6 3. c4 e6 4. Nc3 c5 5. cxd5 cxd4 6. Qxd4 exd5 7. e4 dxe4 8.
Qxd8+ Kxd8 9. Ng5 Be6 10. Bd2 Bb4 11. Nxe6+ fxe6 12. Nxe4 Bxd2+ 13. Nxd2 Nc6 14.
Rc1 Rc8 15. Bb5 Nd4 16. Rxc8+ Kxc8 17. Bd3 Kd7 18. Ne4 Nxe4 19. Bxe4 Nf5 20. Ke2
Nd6 21. Bd3 h6 22. h4 Rc8 23. g4 Rc5 24. f4 e5 25. fxe5 Rxe5+ 26. Kf3 Rd5 27.
Ke3 Re5+ 28. Kf3 Rd5 29. Ke3 Re5+ 30. Kf3 1/2-1/2

[Event "23rd European Teams"]
[Site "Terme Catez SLO"]
[Date "2021.11.19"]
[Round "7.2"]
[Board "3"]
[White "Warmerdam, Max"]
[Black "Guseinov, Gadir"]
[Result "1/2-1/2"]
[WhiteTitle "GM"]
[BlackTitle "GM"]
[WhiteElo "2608"]
[BlackElo "2665"]
[WhiteTeam "Netherlands"]
[BlackTeam "Azerbaijan"]
[WhiteFideId "1048104"]
[BlackFideId "13401378"]
[EventDate "2021.11.12"]

1. e4 c5 2. Nf3 d6 3. d4 cxd4 4. Nxd4 Nf6 5. Nc3 Nc6 6. Bg5 e6 7. Bb5 Bd7 8. Qd3
h6 9. Bh4 g5 10. Bg3 Nh5 11. O-O-O Nxg3 12. hxg3 Qb6 13. Kb1 a6 14. Bxc6 bxc6
15. Nf3 Be7 16. Ne5 dxe5 17. Qxd7+ Kf8 18. Na4 Qb5 19. b3 Rb8 20. Nb2 Ba3 21.
Qd3 Bxb2 22. Kxb2 Qxd3 23. Rxd3 Ke7 24. g4 Rbd8 25. Rc3 Rd2 26. Rxc6 Rxf2 27. g3
a5 28. a4 Kf6 29. Rc5 Rf3 30. Rxa5 Rxg3 31. Rb5 Rxg4 32. a5 Rxe4 33. a6 Ra8 34.
Ra1 Rd4 35. Rb7 g4 36. a7 Rdd8 37. Rf1+ Kg5 38. Rbxf7 h5 39. b4 h4 40. Rg7+ Kh5
41. Re1 Rd4 42. c3 Rd2+ 43. Kb3 h3 44. Rxe5+ Kh4 45. Rxe6 h2 46. Rh6+ Kg3 47. b5
Rd6 48. Rhh7 Rd1 49. Kc4 h1=Q 50. Rxh1 Rxh1 51. b6 Ra1 52. Kc5 Kf3 53. c4 g3 54.
b7 R1xa7 55. bxa8=Q+ Rxa8 56. Kb6 1/2-1/2

[Event "23rd European Teams"]
[Site "Terme Catez SLO"]
[Date "2021.11.19"]
[Round "7.2"]
[Board "4"]
[White "Abasov, Nijat"]
[Black "Van den Doel, Erik"]
[Result "1-0"]
[WhiteTitle "GM"]
[BlackTitle "GM"]
[WhiteElo "2634"]
[BlackElo "2594"]
[WhiteTeam "Azerbaijan"]
[BlackTeam "Netherlands"]
[WhiteFideId "13402960"]
[BlackFideId "1003720"]
[EventDate "2021.11.12"]

1. e4 e5 2. Nf3 Nc6 3. Bc4 Bc5 4. Nc3 Nf6 5. d3 a6 6. Bg5 h6 7. Bxf6 Qxf6 8. Nd5
Qd8 9. c3 d6 10. d4 Ba7 11. dxe5 Nxe5 12. Nxe5 dxe5 13. Qh5 O-O 14. Qxe5 Re8 15.
Qf4 Qd6 16. Qxd6 Rxe4+ 17. Ne3 cxd6 18. Bd5 Re7 19. O-O-O Be6 20. Rhf1 Bxe3+ 21.
fxe3 Rd8 22. Bxe6 Rxe6 23. Rd3 Kf8 24. Kd2 Ke7 25. Rf4 Re5 26. Ke2 Rd7 27. Rfd4
Rg5 28. Kf3 Rf5+ 29. Rf4 Re5 30. Rc4 Rf5+ 31. Ke2 Rg5 32. g3 Kd8 33. a4 Rh5 34.
h4 Re5 35. b4 Re6 36. a5 Rde7 37. Rcd4 Kc7 38. c4 Re4 39. Kf3 Rxd4 40. Rxd4 Kc6
41. Rg4 f6 42. Re4 Rc7 43. Kf4 g6 44. g4 Rf7 45. h5 gxh5 46. gxh5 Rg7 47. Re6
Rg5 48. c5 Kd7 49. Rxf6 Rxh5 50. cxd6 Rh4+ 51. Ke5 Rxb4 52. Rf7+ Kd8 53. e4 h5
54. Kd5 1-0

[Event "23rd European Teams"]
[Site "Terme Catez SLO"]
[Date "2021.11.19"]
[Round "7.3"]
[Board "1"]
[White "Shirov, Alexei"]
[Black "Sargissian, Gabriel"]
[Result "1/2-1/2"]
[WhiteTitle "GM"]
[BlackTitle "GM"]
[WhiteElo "2673"]
[BlackElo "2664"]
[WhiteTeam "Spain"]
[BlackTeam "Armenia"]
[WhiteFideId "2209390"]
[BlackFideId "13300881"]
[EventDate "2021.11.12"]

1. e4 e5 2. Nf3 Nc6 3. Bb5 a6 4. Ba4 Nf6 5. O-O Be7 6. d3 b5 7. Bb3 d6 8. a4 Bd7
9. Be3 O-O 10. axb5 axb5 11. Nc3 Rxa1 12. Qxa1 Nb4 13. Na2 Nc6 14. Nc3 Nb4 15.
Qa5 c5 16. Ra1 Qxa5 17. Rxa5 Rb8 18. Bg5 Bd8 19. Ra7 Nc6 20. Ra6 Nb4 21. Rxd6
Bc7 22. Rxf6 gxf6 23. Bxf6 Be6 24. Bxe6 fxe6 25. Bxe5 Bxe5 26. Nxe5 Nxc2 27. f4
c4 28. dxc4 bxc4 29. Kf2 Rxb2 30. Nxc4 Rb3 31. Ne2 Rb4 32. Nd2 Nd4 33. Nxd4 Rxd4
34. Ke3 Ra4 35. g4 Ra3+ 36. Kf2 h5 37. gxh5 Kg7 38. Nf1 Rh3 39. Ng3 Rxh2+ 40.
Kf3 Rh4 41. e5 1/2-1/2

[Event "23rd European Teams"]
[Site "Terme Catez SLO"]
[Date "2021.11.19"]
[Round "7.3"]
[Board "2"]
[White "Martirosyan, Haik M."]
[Black "Anton Guijarro, David"]
[Result "1/2-1/2"]
[WhiteTitle "GM"]
[BlackTitle "GM"]
[WhiteElo "2624"]
[BlackElo "2669"]
[WhiteTeam "Armenia"]
[BlackTeam "Spain"]
[WhiteFideId "13306553"]
[BlackFideId "2285525"]
[EventDate "2021.11.12"]

1. d4 Nf6 2. c4 e6 3. Nf3 d5 4. Nc3 dxc4 5. e4 b5 6. e5 Nd5 7. Nxb5 Nb6 8. Be2
Nc6 9. Be3 Be7 10. a3 Bb7 11. Qc2 Na5 12. Rd1 Qd7 13. Nc3 Rb8 14. h4 Bc6 15. h5
Ba4 16. Nxa4 Qxa4 17. Rc1 Nb3 18. Rb1 Na5 19. Qc1 Nd5 20. Bd2 c5 21. dxc5 O-O
22. O-O c3 23. bxc3 Nc4 24. Bxc4 Rxb1 25. Qxb1 Qxc4 26. h6 g6 27. c6 Qxc6 28.
Qb3 Rc8 29. Rb1 Nb6 30. Be3 Bf8 31. Rd1 Nd5 32. Bd2 Nb6 33. Re1 Qc4 34. Rb1 Qe4
35. Qb5 Rc5 36. Qf1 Rc8 37. Rb5 Nc4 38. Bc1 1/2-1/2

[Event "23rd European Teams"]
[Site "Terme Catez SLO"]
[Date "2021.11.19"]
[Round "7.3"]
[Board "3"]
[White "Santos Latasa, Jaime"]
[Black "Hovhannisyan, Robert"]
[Result "1/2-1/2"]
[WhiteTitle "GM"]
[BlackTitle "GM"]
[WhiteElo "2633"]
[BlackElo "2622"]
[WhiteTeam "Spain"]
[BlackTeam "Armenia"]
[WhiteFideId "2293307"]
[BlackFideId "13302507"]
[EventDate "2021.11.12"]

1. Nf3 d5 2. g3 g6 3. Bg2 Bg7 4. d4 Nf6 5. O-O O-O 6. c4 dxc4 7. Na3 c5 8. Nxc4
Be6 9. b3 Nbd7 10. Ne3 Nd5 11. Nxd5 Bxd5 12. Be3 Rc8 13. dxc5 Nxc5 14. Rc1 Qd6
15. Ng5 Bxg2 16. Kxg2 Qe5 17. Nf3 Qf5 18. Rxc5 Rxc5 19. Bxc5 Qxc5 20. Qd7 b5 21.
Rd1 e6 22. Nd4 Bxd4 23. Rxd4 a5 24. Rd6 a4 25. bxa4 bxa4 26. Ra6 Qc4 27. Rxa4
Qxe2 28. Qb7 Kg7 29. Ra7 Qc4 30. a4 Qd5+ 31. Qxd5 exd5 32. a5 Rd8 33. Kf1 d4 34.
Ke2 d3+ 35. Kd2 Rd5 36. a6 Rd6 37. Ra8 Kf6 38. h4 h5 39. g4 hxg4 40. h5 Kg7 41.
a7 Ra6 42. hxg6 1/2-1/2

[Event "23rd European Teams"]
[Site "Terme Catez SLO"]
[Date "2021.11.19"]
[Round "7.3"]
[Board "4"]
[White "Ter-Sahakyan, Samvel"]
[Black "Salgado Lopez, Ivan"]
[Result "1/2-1/2"]
[WhiteTitle "GM"]
[BlackTitle "GM"]
[WhiteElo "2615"]
[BlackElo "2609"]
[WhiteTeam "Armenia"]
[BlackTeam "Spain"]
[WhiteFideId "13302531"]
[BlackFideId "2257327"]
[EventDate "2021.11.12"]

1. e4 e5 2. Nf3 Nc6 3. Bb5 Nf6 4. d3 Bc5 5. c3 O-O 6. O-O d6 7. Bg5 Ne7 8. d4
Bb6 9. dxe5 dxe5 10. Qxd8 Rxd8 11. Nxe5 Nxe4 12. Bxe7 Rd5 13. Nc4 Rxb5 14. Nba3
Rd5 15. Nxb6 axb6 16. Rfd1 Be6 17. Rxd5 Bxd5 18. Rd1 Bxa2 19. Rd7 Rc8 20. f3 Nc5
21. Rd8+ Rxd8 22. Bxd8 Ne6 23. Bh4 f6 24. Nb5 Bc4 25. Nd4 Nc5 26. Bg3 c6 27. Bc7
b5 28. Bd6 Nd7 29. Kf2 Kf7 30. b4 Nb6 31. Bf4 Nd5 32. Bd2 g6 33. h4 Ke7 34. Nc2
Bd3 35. Ne3 Nb6 36. g4 Ke6 37. Ng2 Bc2 38. Be3 Nd5 39. Nf4+ Nxf4 40. Bxf4 Bd1
41. Be3 f5 42. Kg3 fxg4 43. fxg4 Ke5 44. Bd4+ Ke4 45. Bc5 h5 46. gxh5 gxh5 47.
Bd4 Bg4 1/2-1/2

[Event "23rd European Teams"]
[Site "Terme Catez SLO"]
[Date "2021.11.19"]
[Round "7.4"]
[Board "1"]
[White "Firouzja, Alireza"]
[Black "Jobava, Baadur"]
[Result "1-0"]
[WhiteTitle "GM"]
[BlackTitle "GM"]
[WhiteElo "2770"]
[BlackElo "2582"]
[WhiteTeam "France"]
[BlackTeam "Georgia"]
[WhiteFideId "12573981"]
[BlackFideId "13601520"]
[EventDate "2021.11.12"]

1. e4 c6 2. d4 d5 3. e5 Bf5 4. Nf3 e6 5. Be2 Ne7 6. O-O h6 7. Nbd2 Nd7 8. Nb3
Bh7 9. a4 a6 10. Bd2 Qc7 11. Rc1 Rd8 12. Ba5 b6 13. Bb4 a5 14. Bd6 Qb7 15. Qd2
Nc8 16. Bxf8 Nxf8 17. Ne1 Ne7 18. Nd3 Nd7 19. Nf4 O-O 20. Rfe1 Rc8 21. c3 Rc7
22. g4 Qb8 23. Qe3 Qd8 24. h3 Kh8 25. Nd2 c5 26. Bb5 Nc6 27. Kh2 cxd4 28. cxd4
Nb4 29. Rxc7 Qxc7 30. Qc3 Rc8 31. Rc1 Bc2 32. Qg3 Qd8 33. Bxd7 Qxd7 34. g5 hxg5
35. Qxg5 Qd8 36. Qh5+ Kg8 37. Nf3 g6 38. Rg1 Nc6 39. Qh6 Qf8 40. Qh4 Qg7 41. Nh5
Qh6 42. Rg4 Kf8 43. Qf6 Nd8 44. Rh4 Kg8 45. Ng5 Bd1 46. Qxd8+ 1-0

[Event "23rd European Teams"]
[Site "Terme Catez SLO"]
[Date "2021.11.19"]
[Round "7.4"]
[Board "2"]
[White "Sanikidze, Tornike"]
[Black "Vachier-Lagrave, Maxime"]
[Result "1/2-1/2"]
[WhiteTitle "GM"]
[BlackTitle "GM"]
[WhiteElo "2458"]
[BlackElo "2766"]
[WhiteTeam "Georgia"]
[BlackTeam "France"]
[WhiteFideId "13602608"]
[BlackFideId "623539"]
[EventDate "2021.11.12"]

1. d4 Nf6 2. c4 e6 3. Nf3 d5 4. Nc3 Bb4 5. cxd5 exd5 6. Bg5 h6 7. Bh4 g5 8. Bg3
Ne4 9. Nd2 Nxg3 10. hxg3 c6 11. a3 Bf8 12. Qc2 Bg7 13. e3 Nd7 14. Bd3 Nf6 15.
O-O-O Be6 16. Kb1 Qe7 17. Nf3 O-O-O 18. Ne5 Kb8 19. Rhe1 Ng4 20. Nxg4 Bxg4 21.
Rc1 c5 22. Bf5 Bxf5 23. Qxf5 cxd4 24. exd4 Qd7 25. Qxd7 Rxd7 26. Rcd1 b6 27. Kc2
h5 28. Kd3 h4 29. Rh1 Bf6 30. gxh4 gxh4 1/2-1/2

[Event "23rd European Teams"]
[Site "Terme Catez SLO"]
[Date "2021.11.19"]
[Round "7.4"]
[Board "3"]
[White "Bacrot, Etienne"]
[Black "Paichadze, Luka"]
[Result "1/2-1/2"]
[WhiteTitle "GM"]
[BlackTitle "GM"]
[WhiteElo "2647"]
[BlackElo "2551"]
[WhiteTeam "France"]
[BlackTeam "Georgia"]
[WhiteFideId "605506"]
[BlackFideId "13602934"]
[EventDate "2021.11.12"]

1. d4 Nf6 2. c4 e6 3. Nf3 Bb4+ 4. Bd2 Bxd2+ 5. Qxd2 O-O 6. Nc3 d5 7. e3 b6 8.
cxd5 Nxd5 9. Rc1 Bb7 10. Nxd5 Qxd5 11. b4 Qd6 12. Be2 a5 13. b5 Nd7 14. O-O c6
15. bxc6 Bxc6 16. Rb1 Rfc8 17. Rfc1 Rc7 18. h3 Rac8 19. Ba6 Ra8 20. Be2 Rac8 21.
Ba6 Ra8 22. Be2 1/2-1/2

[Event "23rd European Teams"]
[Site "Terme Catez SLO"]
[Date "2021.11.19"]
[Round "7.4"]
[Board "4"]
[White "Quparadze, Giga"]
[Black "Lagarde, Maxime"]
[Result "1/2-1/2"]
[WhiteTitle "GM"]
[BlackTitle "GM"]
[WhiteElo "2475"]
[BlackElo "2647"]
[WhiteTeam "Georgia"]
[BlackTeam "France"]
[WhiteFideId "13602250"]
[BlackFideId "662399"]
[EventDate "2021.11.12"]

1. e4 e5 2. Nf3 Nc6 3. Bb5 a6 4. Ba4 d6 5. c3 f5 6. exf5 Bxf5 7. O-O Bd3 8. Re1
Be7 9. Bc2 Bxc2 10. Qxc2 Nf6 11. d4 Qd7 12. dxe5 Nxe5 13. Nxe5 dxe5 14. Nd2
O-O-O 15. Ne4 Qd3 16. Qxd3 Rxd3 17. Bg5 Nxe4 18. Bxe7 Nd6 19. Rxe5 Nc4 20. Re2
Re8 21. b3 Nd6 22. Kf1 Rxc3 23. Bxd6 Rxe2 24. Kxe2 cxd6 25. Kd2 Rc6 26. Re1 Kd7
27. Re4 Rc5 28. Rh4 Rg5 29. g3 h6 30. Rf4 Ke6 31. Re4+ Kd7 32. h4 Rf5 33. Ke3 h5
34. g4 hxg4 35. Rxg4 Rf7 36. h5 Kc6 37. Rc4+ Kd5 38. f3 Rf5 39. Rc7 Rxh5 40.
Rxb7 Rh2 41. a4 Rb2 42. Rb6 g5 43. a5 Ra2 44. Rxa6 1/2-1/2

[Event "23rd European Teams"]
[Site "Terme Catez SLO"]
[Date "2021.11.19"]
[Round "7.5"]
[Board "1"]
[White "Erdos, Viktor"]
[Black "Indjic, Aleksandar"]
[Result "1/2-1/2"]
[WhiteTitle "GM"]
[BlackTitle "GM"]
[WhiteElo "2615"]
[BlackElo "2612"]
[WhiteTeam "Hungary"]
[BlackTeam "Serbia"]
[WhiteFideId "719978"]
[BlackFideId "911925"]
[EventDate "2021.11.12"]

1. e4 c5 2. Nf3 e6 3. g3 Nc6 4. Bg2 Nf6 5. Qe2 e5 6. O-O Be7 7. c3 O-O 8. Na3
Re8 9. d3 h6 10. Nc4 Bf8 11. Ne3 d5 12. Nxd5 Nxd5 13. exd5 Qxd5 14. Rd1 Qd8 15.
Be3 Nd4 16. Bxd4 exd4 17. Qc2 dxc3 18. Qxc3 Be6 19. d4 Qb6 20. d5 Bg4 21. Re1
Bxf3 22. Bxf3 Bd6 23. b3 Qc7 24. Rxe8+ Rxe8 25. Re1 Rxe1+ 26. Qxe1 Kf8 27. Qe4
g6 28. a4 h5 29. Kg2 a6 30. Be2 Qd8 31. h4 Qf6 32. Qe3 Qb2 33. Bc4 Qf6 34. Kg1
Qf5 35. Kg2 Qf6 36. Kg1 Qf5 37. Kg2 1/2-1/2

[Event "23rd European Teams"]
[Site "Terme Catez SLO"]
[Date "2021.11.19"]
[Round "7.5"]
[Board "2"]
[White "Ivic, Velimir"]
[Black "Berkes, Ferenc"]
[Result "0-1"]
[WhiteTitle "GM"]
[BlackTitle "GM"]
[WhiteElo "2620"]
[BlackElo "2676"]
[WhiteTeam "Serbia"]
[BlackTeam "Hungary"]
[WhiteFideId "950122"]
[BlackFideId "718572"]
[EventDate "2021.11.12"]

1. e4 e5 2. Nf3 Nc6 3. Bb5 a6 4. Ba4 Nf6 5. O-O Be7 6. d3 b5 7. Bb3 d6 8. c3 O-O
9. h3 Na5 10. Bc2 c5 11. d4 Qc7 12. d5 Nc4 13. b3 Nb6 14. Be3 Bd7 15. Nfd2 g6
16. c4 b4 17. Nf3 Nh5 18. Nbd2 a5 19. Kh2 a4 20. Rc1 axb3 21. axb3 Ra3 22. Ng1
Qd8 23. Bh6 Ng7 24. f4 exf4 25. Ndf3 Bf6 26. Bxf4 Qe7 27. Bh6 Bc8 28. Ne2 Nd7
29. Nf4 Ne5 30. Nd3 Nxf3+ 31. Qxf3 Bd4 32. Rce1 Bd7 33. Re2 f6 34. Kh1 Re8 35.
g4 Ra2 36. Qg2 Ra1 37. Bb1 Ra3 38. Bc2 Ra1 39. Bc1 f5 40. gxf5 Nxf5 41. Ree1
Rxc1 42. Nxc1 Ne3 43. Rxe3 Bxe3 44. Ne2 Rf8 45. Rxf8+ Qxf8 46. Ng1 Qh6 47. Bd1
Bxg1 48. Bg4 Bd4 0-1